Giải bài tập và bài toán cơ sở Vật lý T.1 T.1

Salvato in:
Dettagli Bibliografici
Autore principale: Lương Duyên Bình
Natura: Libro
Lingua:Vietnamese
Pubblicazione: Giáo dục 2001
Tags: Aggiungi Tag
Nessun Tag, puoi essere il primo ad aggiungerne! !
Thư viện lưu trữ: Mạng thư viện Đại học Đà Nẵng
LEADER 00688nam a2200253 4500
001 000022832
003 19281
005 20150515100537.0
008 150515s2001 viesd
020 |c 24600 
041 0 |a vie 
082 1 4 |a 531  |b LƯ-B 
100 1 |a Lương Duyên Bình 
245 1 0 |a Giải bài tập và bài toán cơ sở Vật lý T.1  |b T.1  |c Lương Duyên Bình (Chủ biên), Nguyễn Quang Hậu 
260 |b Giáo dục  |c 2001 
300 |a tr.  |c cm. 
OWN |a LSP 
999 |a From the UDN01 
TYP |a Monograph 
TYP |a Printed language 
980 |a Mạng thư viện Đại học Đà Nẵng